El pájaro de fuego / (Record no. 125632)

MARC details
000 -LEADER
campo de control de longitud fija 00659nam a2200217 i 4500
001 - NÚMERO DE CONTROL
campo de control 125632
003 - IDENTIFICADOR DE NÚMERO DE CONTROL
campo de control ES-MaACL
005 - FECHA Y HORA DE LA ÚLTIMA TRANSACCIÓN
campo de control 20230906192653.0
007 - CAMPO FIJO DE DESCRIPCIÓN FÍSICA--INFORMACIÓN GENERAL
campo de control de longitud fija t|
008 - DATOS DE LONGITUD FIJA--INFORMACIÓN GENERAL
campo de control de longitud fija 070621s1948 sp ||||1| spa d
100 1# - ENTRADA PRINCIPAL--NOMBRE DE PERSONA
Nombre de persona Zilahy, Lajos.
9 (RLIN) 118252
245 13 - MENCIÓN DEL TÍTULO
Título El pájaro de fuego /
Mención de responsabilidad, etc. por Lajos Zilahy ; [traducción del húngaro por Andrés de Kramer].
250 ## - MENCION DE EDICION
Mención de edición 1ª ed.
260 ## - PUBLICACIÓN, DISTRIBUCIÓN, ETC.
Lugar de publicación, distribución, etc. Barcelona :
Nombre del editor, distribuidor, etc. José Janés,
Fecha de publicación, distribución, etc. 1948.
300 ## - DESCRIPCIÓN FÍSICA
Extensión 144 p., 1 h. ;
Dimensiones 17 cm.
490 1# - MENCIÓN DE SERIE
Mención de serie Manantial que no cesa
700 1# - ENTRADA AGREGADA--NOMBRE PERSONAL
Nombre de persona Kramer, Andrés de.
9 (RLIN) 68724
830 0# - PUNTO DE ACCESO ADICIONAL DE SERIE-TÍTULO UNIFORME
Título uniforme Manantial que no cesa
9 (RLIN) 181138
852 ## - LOCALIZACIÓN
Ubicación ES-MaACL
Número de control de estantería D-7475
Sublocalización o colección R.27358
Holdings
Estatus retirado Estado de pérdida Estado de daño No para préstamo Biblioteca de origen Biblioteca actual Ubicación en estantería Fecha de adquisición Fuente de adquisición Total de préstamos Signatura topográfica completa Código de barras Visto por última vez Precio de reemplazo Tipo de ítem Koha
        Biblioteca del Ateneo de Madrid Biblioteca del Ateneo de Madrid Sala Valle Inclán 17/01/2008     D-7475 901130871 23/02/2023 23/02/2023 Libro impreso